Un defecto de instalación y una falla de la memoria: ¿Por qué no funciona la democracia en América Latina?. Acerca del modo de pensar la democracia en América Latina /
Tallennettuna:
| Päätekijä: | |
|---|---|
| Muut tekijät: | |
| Aineistotyyppi: | Teksti |
| Aiheet: | |
| Tagit: |
Lisää tagi
Ei tageja, Lisää ensimmäinen tagi!
|
MARC
| LEADER | 00000 a a2200000 04500 | ||
|---|---|---|---|
| 001 | 18231 | ||
| 003 | |||
| 040 | |||
| 100 | |a Lauer, Mirko | ||
| 245 | |a Un defecto de instalación y una falla de la memoria: |b ¿Por qué no funciona la democracia en América Latina?. Acerca del modo de pensar la democracia en América Latina / |c Mirko Lauer ; Carlos Franco | ||
| 500 | |a Datos de edición: Acerca del modo...Fundación Ebert, 1998 | ||
| 650 | |a DEMOCRACIA | ||
| 650 | |a DEMOCRATIZACION | ||
| 650 | |a ASPECTOS POLITICOS | ||
| 650 | |a AUTORITARISMO | ||
| 700 | |a Franco, Carlos |e reseñador | ||
| 773 | |g número 82; páginas 49-52 | ||
| 999 | |c 34339 |d 34339 | ||
